KOHA-Header-6

Basic Electronics (Record no. 12783)

000 -LEADER
fixed length control field 00265nam a22001217a 4500
020 ## - INTERNATIONAL STANDARD BOOK NUMBER
ISBN 9780071333108
082 ## - DEWEY DECIMAL CLASSIFICATION NUMBER
Classification number 621.381
100 ## - MAIN ENTRY--AUTHOR NAME
Personal name Aradhya H V Ravish
245 ## - TITLE STATEMENT
Title Basic Electronics
260 ## - PUBLICATION, DISTRIBUTION, ETC. (IMPRINT)
Place of publication India
Name of publisher McGraw Hill
Year of publication 2013
300 ## - PHYSICAL DESCRIPTION
Number of Pages 564 pages
942 ## - ADDED ENTRY ELEMENTS (KOHA)
Koha item type Books
Holdings
Withdrawn status Lost status Collection code Permanent Location Current Location Shelving location Date acquired Full call number Accession Number Koha item type
    Electrical Engineering MAJU MAJU Shelf No.A34 2020-12-03 621.381 9923 Electrical Engineering

Powered by Koha